000 00570nam a2200205 i 4500
001 141446
003 ES-MaACL
007 t|
008 070924s1985 sp ||||1| spa d
020 _a84-320-0652-1
245 0 3 _aLas voces de la República /
_cManuel Rubio Cabeza.
250 _a[1ª ed.].
260 _a[Barcelona] :
_bPlaneta,
_c1985.
300 _a331 p. :
_bil. ;
_c24 cm.
490 1 _aTextos ;
_v84
700 1 _aRubio Cabeza, Manuel.
_9100389
830 0 _aTextos ;
_v84
_9179017
852 _aES-MaACL
_jL-8146
_bR.108336
999 _c141446
_d141446